|
|
|
|
| LEADER |
00000caa a2200000 c 4500 |
| 001 |
1424032954 |
| 003 |
DE-627 |
| 005 |
20220530123159.0 |
| 007 |
tu |
| 008 |
111201s1981 xx ||||| 00| ||eng c |
| 020 |
|
|
|a 0803916957
|
| 035 |
|
|
|a (DE-627)1424032954
|
| 035 |
|
|
|a (DE-576)35403295X
|
| 035 |
|
|
|a (DE-599)BSZ35403295X
|
| 040 |
|
|
|a DE-627
|b ger
|c DE-627
|e rakwb
|
| 041 |
|
|
|a eng
|
| 100 |
1 |
|
|a Tjaden, Patricia
|0 (DE-588)1046822764
|0 (DE-627)777091917
|0 (DE-576)181014823
|4 aut
|
| 109 |
|
|
|a Tjaden, Patricia
|a Tjaden, Patricia Godeke
|a Tjaden, P. Godeke
|
| 245 |
1 |
0 |
|a Differential treatment of the female felon
|b myth or reality?
|c P. Godeke Tjaden
|
| 264 |
|
1 |
|c 1981
|
| 336 |
|
|
|a Text
|b txt
|2 rdacontent
|
| 337 |
|
|
|a ohne Hilfsmittel zu benutzen
|b n
|2 rdamedia
|
| 338 |
|
|
|a Band
|b nc
|2 rdacarrier
|
| 773 |
0 |
8 |
|i In
|t Comparing female and male offenders
|d Beverly Hills : Published in cooperation with the American Society of Criminology [by], 1981
|g (1981), Seite 73-88
|h 144 p
|w (DE-627)1634488547
|w (DE-576)013989189
|z 0803916957
|z 0803916949
|7 nnam
|
| 773 |
1 |
8 |
|g year:1981
|g pages:73-88
|
| 951 |
|
|
|a AR
|
| ELC |
|
|
|b 1
|
| LOK |
|
|
|0 000 xxxxxcx a22 zn 4500
|
| LOK |
|
|
|0 001 2696691029
|
| LOK |
|
|
|0 003 DE-627
|
| LOK |
|
|
|0 004 1424032954
|
| LOK |
|
|
|0 005 20260203131440
|
| LOK |
|
|
|0 008 111201||||||||||||||||ger|||||||
|
| LOK |
|
|
|0 040
|a DE-21-110
|c DE-627
|d DE-21-110
|
| LOK |
|
|
|0 689
|a s
|a Frauenstrafvollzug
|
| LOK |
|
|
|0 852
|a DE-21-110
|
| LOK |
|
|
|0 852 1
|m p
|9 00
|
| LOK |
|
|
|0 935
|a k110
|
| LOK |
|
|
|0 938
|k p
|
| LOK |
|
|
|0 939
|a 01-12-11
|b l01
|
| ORI |
|
|
|a SA-MARC-krimdoka001.raw
|